000
00285nam a2200109Ia 4500
008
171211s9999 xx 000 0 und d
245
_a
Great Software Debates
245
_c
Alan M. Davis
260
_c
2004
650
_x
SOFTWARE
856
_u
http://down.ebook777.com/063/0471675237.pdf
999
_c
349324
_d
349324